| 000 | 01733nam a2200421Ii 4500 | ||
|---|---|---|---|
| 001 | DIGMECD0162 | ||
| 003 | NyNyDIG | ||
| 008 | 190227s2014 sp a o 000 0 spa d | ||
| 006 | m o d | ||
| 007 | cr ||||||||||| | ||
| 035 | _a(OCoLC)1088883848 | ||
| 040 |
_aDGITA _beng _erda _epn _cDGITA |
||
| 020 |
_a9788436955439 _q(eBook ; _qpdf) |
||
| 020 |
_a8436955439 _q(eBook ; _qpdf) |
||
| 024 | 7 |
_a030-14-021-X _2nipo |
|
| 050 | 1 | 4 | _aHV696.F6 ebook |
| 082 | 0 | 4 | _a363.883 |
| 100 | 1 |
_aJiménez Gancedo, Berta, _eauthor. |
|
| 245 | 1 | 0 |
_aAdministración de alimentos y tratamientos a personas dependientes en el domicilio : _bservicios socioculturales a la comunidad / _cautor, Berta Jiménez Gancedo. |
| 264 | 1 |
_a[Madrid] : _bMinisterio de Educación, Cultura y Deporte, Secretaría General Técnica, Subdirección General de Documentación y Publicaciones, _c[2014] |
|
| 300 |
_a1 online resource : _bcolor illustrations. |
||
| 336 |
_atext _btxt _2rdacontent |
||
| 337 |
_acomputer _bc _2rdamedia |
||
| 338 |
_aonline resource _bcr _2rdacarrier |
||
| 490 | 1 | _aColección Aula mentor. Serie Carácter profesional | |
| 588 | 0 | _aOnline resource; title from ePub title page (Digitalia, viewed March 2, 2019) | |
| 650 | 0 | _aFood relief. | |
| 650 | 0 | _aHome care services. | |
| 650 | 0 |
_aOlder people _xHome care. |
|
| 650 | 0 | _aDigestive organs. | |
| 655 | 0 | _aElectronic books. | |
| 791 | 2 |
_aDigitalia (Firm), _edistributor. |
|
| 793 | 0 |
_gDigitalia eBook Collection: _aMinisterio de Educación, Cultura y Deporte de España |
|
| 830 | 0 |
_aAula mentor. _pSerie Carácter profesional. |
|
| 856 | 4 | 0 |
_3Digitalia Hispánica _uhttps://www.digitaliapublishing.com/a/30256/ |
| 910 | _aPremium collection: 2019 | ||
| 942 | _cRAA | ||
| 999 |
_c240364 _d240364 |
||